000 00455cam a2200193ua 4500
001 5315
005 20260515113848.0
008 120808n ii |||gr||||Z||||||eng
020 _a81-7096-585-3
040 _cMAIN
082 _a821
100 _aSpenser,
_eAuthor,
245 1 1 _aThe faerie queene
_cby Spenser
250 _a1st.
260 _aLudhiana:
_bkalyani Publishers,
_c1994.
300 _a136p:
_c23cm.
653 _aEnglish poetry
942 _cBK
999 _c4492
_d4492